| 000 | 01019nam a22003257a 4500 | ||
|---|---|---|---|
| 003 | CHAP | ||
| 005 | 20220329143255.0 | ||
| 008 | 071128d1998 mx a r 00110 spa d | ||
| 010 | _a94287 | ||
| 011 | _a95259 | ||
| 020 | _a9684113706 | ||
| 035 | _a105876 | ||
| 040 | _cCHAP | ||
| 082 | 0 | 4 |
_a861 _bP3 |
| 100 | 1 |
_aPacheco, José Emilio. _984597 |
|
| 245 | 1 | 0 |
_aÁlbum de zoología _c/por José Emilio Pacheco y dibujos de Francisco Toledo |
| 260 |
_aMéxico, D. F. : _bEl Colegio Nacional, _c1998. |
||
| 300 |
_a127 p. : _bilus. |
||
| 590 |
_aBATCH-UPD _b10 _c20130110 _lUCH01 _h1923 |
||
| 590 |
_aBATCH-UPD _b10 _c20130410 _lUCH01 _h0019 |
||
| 590 |
_aBATCH-UPD _b10 _c20130914 _lUCH01 _h1727 |
||
| 590 |
_aCONVERSION _b10 _c20130109 _lUCH01 _h1352 |
||
| 650 | 1 | 4 |
_aLiteratura mexicana. _967138 |
| 650 | 1 | 4 |
_aPoesía mexicana. _990146 |
| 700 | 1 |
_aToledo, Francisco _9113639 |
|
| 901 | _aBK | ||
| 905 | _aMarco A. Mendoza T. | ||
| 942 | _cLIBRO | ||
| 949 |
_a861 P3 _bBC _cLIBRO _d33724002042736 _eLIBRO _h108928 _i105876 _si |
||
| 999 |
_c94287 _d94287 |
||